Biblioteca

Sobre el problema de las «normas éticas» en el Nuevo Testamento (Registro nro. 69577)

Detalles MARC
000 -LÍDER
Campo fijo de descripción fija 01463nab a2200229 i 4500
001 - NÚMERO DE CONTROL
Campo de control 768714001
003 - IDENTIFICADOR DEL NÚMERO DE CONTROL
Campo de control CO-MdFUSB
005 - FECHA Y HORA DE LA ULTIMA TRANSACCIÓN
control field 20240508172222.0
008 - ELEMENTOS DE LONGITUD FIJA -- INFORMACIÓN GENERAL
Campo fijo de descripción fija -- Información general 240508t1967 sp ||||| |||| 00| 0 spa d
040 ## - FUENTE DE CATALOGACIÓN
Idioma de catalogación spa
Agencia que realiza la transcripción CO-MdFUSB
Agencia que realiza la modificación CO-MdFUSB
041 ## - CÓDIGO DE IDIOMA
Código de idioma para texto/pista de sonido o título separado spa
100 ## - ASIENTO PRINCIPAL--NOMBRE PERSONAL
Nombre personal Blank, Josef,
Término relacionador autor
245 ## - TÍTULO
Título Sobre el problema de las «normas éticas» en el Nuevo Testamento
Mención de responsabilidad / Josef Blank
520 ## - NOTA DE RESUMEN, ETC.
Nota de sumario, etc. Este artículo pretende conectar la teología moral moderna con la moralidad del Nuevo Testamento. Si se quiere encontrar una solución para los problemas implicados, será más útil señalar cuáles son los problemas que ofrecen hechos que pueden ser útiles más tarde. El punto de partida es el siguiente: es preciso mantener la constante tensión entre las exigencias de la Escritura y las del momento presente para que sea posible cualquier progreso en la discusión. Se debe encontrar una vía media entre el legalismo y esa capacidad de decisión espontánea de la libertad cristiana que, según San Pablo, fue llegada a la Iglesia.
630 07 - PUNTO DE ACCESO ADICIONAL DE MATERIA - TÍTULO UNIFORME
Título uniforme Biblia.
Parte o sección de la obra Nuevo Testamento
Subdivisión de materia general Crítica, interpretación, etc.
650 #2 - ASIENTO SECUNDARIO DE MATERIA - TERMINO TEMÁTICO
Término temático o nombre geográfico como elemento de entrada Conciencia (Moral)
9 (RLIN) 927
650 #0 - ASIENTO SECUNDARIO DE MATERIA - TERMINO TEMÁTICO
Término temático o nombre geográfico como elemento de entrada Biblia
9 (RLIN) 16
650 #7 - ASIENTO SECUNDARIO DE MATERIA - TERMINO TEMÁTICO
Término temático o nombre geográfico como elemento de entrada Ética cristiana
9 (RLIN) 185
773 0# - ASIENTO DE ITEM FUENTE
Biblionumber 49450
Itemnumber 82585
Otro identificador del ítem R2515
Título Revista internacional de teología Concilium
Número de control del registro (CO-MdFUSB)8
Número Internacional Normalizado para Publicaciones Seriadas (ISSN) 0210-1041
Parte(s) relacionada(s) / Volumen., número. (mes año), páginas Número 25, (mayo, 1967), páginas: 187 - 201
Enumeración y primera página página: 187
942 ## - TIPO DE MATERIAL (KOHA)
Tipo de Item KOHA Artículos de Revista
945 ## - INFORMACIÓN LOCAL DEL REGISTRO
Catalogador Catherine Arias Alvarez - Practicante SENA

No hay ítems disponibles.

Biblioteca FUSBC | Teléfono: (57+4) 349 88 10 Ext. 141| WhatsApp (+57) 3005338115 
E-mail: biblioteca@unisbc.edu.co | Calle 76 87-14 Robledo Palenque, Medellín, Colombia

Con tecnología Koha